000 01173nam a2200337 i 4500
001 000026476
003 DO-SdBNP
005 20250624095821.0
007 ta
008 110321s2011 dr 001 0 spa d
020 _a9789945074246
040 _aDO-SdBNP
_bspa
_cBNPHU
_erda
082 4 _aRD868.44
_bZ18ó
_222
100 1 _aZaglul, Antonio,
_d1920-1996
_eautor
_4aut.
_969657
245 1 0 _aObras selectas /
_cAntonio Zaglul ; editor, Andrés Blanco Díaz.
264 1 _aSanto Domingo :
_bBanReservas,
_c2011.
300 _a2 volumenes ;
_c27 cm.
336 _atexto
_btxt
_2rdacontent
337 _asin mediación
_bn
_2rdamedia
338 _avolumen
_bnc
_2rdacarrier
490 _aArchivo General de la Nación
_v131
500 _aIncluye índice onomástico
504 _aBibliografía : páginas 489
590 _aInventariado, 2022/MFF
650 4 _aMédicos
_zRepública Dominicana
_920442
_vBiografías
650 4 _aAtención al enfermo
_920443
_zRepública Dominicana
650 4 _aEnfermos mentales
_zRepública Dominicana
_931208
700 1 _aBlanco Díaz, Andrés,
_eeditor
_4ed.
_9172
910 _aValidado. Control de calidad MFF
942 _2ddc
_cLBS1
999 _c25968
_d25968